Statistics for Books by Letter T

Click here to take the quiz!

General Stats

  • This quiz has been taken 31 times
  • The average score is 7 of 15

Answer Stats

HintBook% Correct
Set between 1625 and 1628, it recounts the adventures of a young man named d'Artagnan after he leaves home to travel to Paris, hoping to join the Musketeers of the Guard.The Three Musketeers
86%
When Bella Swan relocates to Forks, Washington, to live with her father, she meets a mysterious Edward Cullen to whom she finds herself drawn.Twilight
86%
Frodo and Sam arrive in Mordor with the help of Gollum. A number of new allies join their former companions to defend Isengard as Saruman launches an assault on it.The Two Towers
79%
Poor farmer Durbeyfield has been told by the village parson that he has noble relatives: the D'Urbervilles.Tess of the D'Urbervilles
72%
It is set on an island somewhere near Italy where Prospero, the one-time Duke of Milan, and his beautiful daughter, Miranda, live with a sprite called Ariel and a strange wildman called Caliban.The Tempest
69%
Alice, along with her friends, must fight to protect the world of Underland and save the Mad Hatter from the evil clutches of Red Queen and Time.Through the Looking Glass
55%
Chicago librarian Henry De Tamble suffers from a rare genetic disorder that causes him to drift uncontrollably back and forth through time.The Time Traveller's Wife
52%
The story of Jim, a young boy who watches over an inn in an English seaside town with his mother and his gravely ill father.Treasure Island
52%
Viola has been shipwrecked in a violent storm off the coast of Illyria; in the process she has lost her twin brother, Sebastian.Twelfth Night
41%
It is the first of five novels featuring Richard Hannay, an all-action hero with a stiff upper lip and a miraculous knack for getting himself out of sticky situations.The Thirty-Nine Steps
34%
The novel tells the story of the French Doctor Manette, his 18-year-long imprisonment in the Bastille in Paris and his release to live in London with his daughter Lucie, whom he had never met.A Tale of Two Cities
31%
Cited as a key example of the literary technique of multiple focalization, the novel includes little dialogue and almost no action; most of it is written as thoughts and observations by Woolf.To the Lighthouse
31%
The novel almost mirrors the events of Fitzgerald and Zelda's lives, as characters are pulled out of and put back into mental care.Tender is the Night
21%
A tragedy by the Greek playwright Euripides.Trojan Women
7%
Mariam is an illegitimate child, and suffers from both the stigma surrounding her birth along with the abuse she faces throughout her marriage.A Thousand Splendid Suns
3%

Score Distribution

Percentile by Number Answered

Percent of People with Each Score

Your Score History

You have not taken this quiz